000 00416nam a2200133Ia 4500
008 211109s9999||||xx |||||||||||||| ||und||
082 _a894.433
_bSAC-A
100 _aSachdeva, S K
245 0 _aAalochana Trai Masika
260 _bCompetition Success
_aNew Delhi
_c2004
630 _xREFERENCE READING ROOM
650 _aLITERATURE AND RHETORIC
_vLITERATURES OF OTHER LANGUAGES
_xHINDI FICTIONGeneralia
942 _cBOOK
999 _c85946
_d85946